000 00198nam a2200073Ia 4500
008 170817s9999 xx 000 0 und d
100 _aCHAYYA M.P.
245 0 _aEFFECTIVE TEACHING STRATGIES& INTRO-IN EDUCATION
260 _bALPHA PUB
999 _c37330
_d37330